| 000 | 00473nam a22001931c 4500 | ||
|---|---|---|---|
| 001 | a987677213 | ||
| 008 | 160923s1979 gw |||| 000u ger d | ||
| 020 |
_a3455088694 _93-455-08869-4 |
||
| 041 | _ager | ||
| 100 | 1 | _aMedvedev, Roj Aleksandrovič | |
| 245 | 0 | 0 | _aOktober 1917 |
| 264 |
_aHamburg : _bHoffman und Campe, _c1979 |
||
| 300 | _a238 S. | ||
| 650 | 0 | _aOktoberrevolution | |
| 651 | 0 | _aSowjetunion | |
| 942 | _cMG | ||
| 040 | _cRU-10907106 | ||
| 003 | RU-10907106 | ||
| 999 |
_c7034 _d7034 |
||